INI CARANYA Swaterbit BUKU SENDIRI : (Record no. 203557)

MARC details
000 -LEADER
fixed length control field 01034nam a2200277 i 4500
005 - DATE AND TIME OF LATEST TRANSACTION
control field 20260330120431.0
008 - FIXED-LENGTH DATA ELEMENTS--GENERAL INFORMATION
fixed length control field 260329t20252025my dao gr 000 0bmay d
020 ## - INTERNATIONAL STANDARD BOOK NUMBER
International Standard Book Number 9786299555810
Terms of availability RM25.00
Qualifying information paperback
040 ## - CATALOGING SOURCE
Original cataloging agency PPAK
Language of cataloging eng
Transcribing agency PPAK
Description conventions rda
082 04 - DEWEY DECIMAL CLASSIFICATION NUMBER
Edition number 23
Classification number 070.593
090 00 - LOCALLY ASSIGNED LC-TYPE CALL NUMBER (OCLC); LOCAL CALL NUMBER (RLIN)
Classification number (OCLC) (R) ; Classification number, CALL (RLIN) (NR) 070.593
Feature heading SHA
Feature heading G
100 0# - MAIN ENTRY--PERSONAL NAME
Personal name Shah Othman,
Relator term author.
Dates associated with a name 1984-
245 10 - TITLE STATEMENT
Title INI CARANYA Swaterbit BUKU SENDIRI :
Remainder of title Inspirasi untuk penulis swaterbit /
Statement of responsibility, etc. SHAH OTHMAN ; Editor Bahasa : Editorial Mesbo Creative
264 #1 - PRODUCTION, PUBLICATION, DISTRIBUTION, MANUFACTURE, AND COPYRIGHT NOTICE
Place of production, publication, distribution, manufacture Tanjung Piandang, Perak :
Name of producer, publisher, distributor, manufacturer MESBO CREATIVE,
Date of production, publication, distribution, manufacture, or copyright notice 2025
Date of production, publication, distribution, manufacture, or copyright notice ©2025
300 ## - PHYSICAL DESCRIPTION
Extent 1 unnumbered page, 132 pages, 4 unnumbered pages :
Other physical details charts, illustrations, photographs ;
Dimensions 19 cm
336 ## - CONTENT TYPE
Content type term text
Source rdacontent
337 ## - MEDIA TYPE
Media type term unmediated
Source rdamedia
338 ## - CARRIER TYPE
Carrier type term volume
Source rdacarrier
504 ## - BIBLIOGRAPHY, ETC. NOTE
Bibliography, etc. note Bibliography: page [135].
650 10 - SUBJECT ADDED ENTRY--TOPICAL TERM
Topical term or geographic name entry element Self-publishing
Topical term or geographic name entry element Publishers and publishing
Topical term or geographic name entry element Authorship
710 2# - ADDED ENTRY--CORPORATE NAME
Corporate name or jurisdiction name as entry element Editorial Mesbo Creative,
Relator term editor.
942 ## - ADDED ENTRY ELEMENTS (KOHA)
Source of classification or shelving scheme Dewey Decimal Classification
Koha item type Book
Holdings
Withdrawn Not for loan Current library Shelving location Date acquired Total Checkouts Full call number Barcode Date last seen Koha item type
    Perpustakaan Alor Setar Pinjaman Dewasa 09/04/2026   070.593 SHA A01907054 09/04/2026 Book
    Perpustakaan Awam Sungai Petani Pinjaman Dewasa 09/04/2026   070.593 SHA A01907055 09/04/2026 Book
    Perpustakaan Baling Pinjaman Dewasa 09/04/2026   070.593 SHA A01907059 09/04/2026 Book
    Perpustakaan Bandar Baharu Pinjaman Dewasa 09/04/2026   070.593 SHA A01907060 09/04/2026 Book
    Perpustakaan Jitra Pinjaman Dewasa 09/04/2026   070.593 SHA A01907056 09/04/2026 Book
    Perpustakaan Kuala Nerang Pinjaman Dewasa 09/04/2026   070.593 SHA A01907064 09/04/2026 Book
    Perpustakaan Kulim Pinjaman Dewasa 09/04/2026   070.593 SHA A01907058 09/04/2026 Book
    Perpustakaan Langkawi Pinjaman Dewasa 09/04/2026   070.593 SHA A01907057 09/04/2026 Book
    Perpustakaan Merbok Pinjaman Dewasa 09/04/2026   070.593 SHA A01907061 09/04/2026 Book
    Perpustakaan Pendang Pinjaman Dewasa 09/04/2026   070.593 SHA A01907065 09/04/2026 Book
    Perpustakaan Sik Pinjaman Dewasa 09/04/2026   070.593 SHA A01907063 09/04/2026 Book
    Perpustakaan Yan Pinjaman Dewasa 09/04/2026   070.593 SHA A01907062 09/04/2026 Book
    Bergerak 1, Alor Setar Pinjaman Dewasa 09/04/2026   070.593 SHA A01907066 09/04/2026 Book
    Bergerak 3, Baling Pinjaman Dewasa 09/04/2026   070.593 SHA A01907067 09/04/2026 Book
    Bergerak 4, Sungai Petani Pinjaman Dewasa 09/04/2026   070.593 SHA A01907068 09/04/2026 Book
    Bergerak 5, Kulim Pinjaman Dewasa 09/04/2026   070.593 SHA A01907069 09/04/2026 Book